U.S. States with No Bass Pro Shops - Statistics

General Stats
  • This quiz has been taken 23 times
  • The average score is 6 of 9
Answer Stats
State % Correct
North Dakota
88%
Wyoming
88%
Hawaii
82%
Rhode Island
82%
Vermont
76%
Maine
71%
Delaware
65%
Nebraska
47%
Kentucky
41%
No matching quizzes found
Score Distribution
Percent of People with Each Score
Percentile by Number Answered
Your Score History
You have not taken this quiz